Statistics for The moulin rouge - Shut up and raise your glass

Click here to take the quiz!

General Stats

  • This quiz has been taken 15 times
    (13 since last reset)
  • The average score is 238 of 323

Answer Stats

Answers% Correct
and
100%
shut
100%
up
100%
you
100%
your
100%
dance
88%
glass
88%
i
88%
in
88%
me
88%
raise
88%
right
88%
said
88%
she
88%
the
88%
with
88%
all
75%
back
75%
be
75%
dare
75%
destiny
75%
don't
75%
eyes
75%
freak
75%
holding
75%
if
75%
is
75%
just
75%
Just
75%
keep
75%
look
75%
my
75%
oh
75%
Oh
75%
on
75%
So
75%
so
75%
this
75%
underdogs
75%
ways
75%
we
75%
will
75%
woman
75%
wrong
75%
anything
63%
are
63%
but
63%
dirty
63%
freaks
63%
little
63%
never
63%
of
63%
to
63%
arm
50%
bound
50%
can't
50%
chemical
50%
come
50%
coming
50%
damn
50%
fading
50%
floor
50%
get
50%
gritty
50%
happened
50%
hot
50%
how
50%
it
50%
know
50%
light
50%
loud
50%
night
50%
nitty
50%
Ooh
50%
ooh
50%
out
50%
physical
50%
stop
50%
together
50%
took
50%
understand
50%
victims
50%
were
50%
what
50%
won't
50%
you're
50%
Christian
38%
done
38%
helpless
38%
kryptonite
38%
locked
38%
our
38%
part
38%
serious
38%
should
38%
slam
38%
spot
38%
well
38%
why
38%
bohemians
25%
brave
25%
party
25%
young
25%
bass
13%
from
13%
moments
13%
victory
13%
mere
0%

Score Distribution

Percentile by Number Answered

Percent of People with Each Score

Your Score History

You have not taken this quiz since the last reset